000 01160naa a2200217 i 4500
001 768714001
003 CO-MdFUSB
005 20230607114902.0
008 220914s2006 ag ||||| |||| 00| 0 eng d
022 _a16698649
040 _bspa
_cCO-MdFUSB
_dCO-MdFUSB
_aCO-MdFUSB
041 _aeng
100 _aEscobar, Samuel
_eautor
245 1 _aImmigration
_b: avenue and challenge to mission
_c/ Samuel Escobar
300 _aVolumen 1, número 2 (2006), páginas 70 - 94
_c; 20 cm.
520 _aEl teólogo peruano Samuel Escobar, presidente emérito de la Fraternidad Teológica Latinoamericana, pinta convincentemente la anchura del cuadro de inmigración actual en España, y resume el “triple desafío” que plantea esta realidad a la iglesia en los países receptores, que deben optar por concebir a los recién llegados como una “perturbación” o una “oportunidad”.
546 _aTexto en Inglés
650 7 _92117
_aEmigración e inmigración
773 0 _049416
_981264
_d Santiago de Chile
_oR1721
_tJournal of Latin American Theology :
_w(CO-MdFUSB)118
_x1669-8949
_gVolumen 1, número 2 (2006), páginas 70 - 94
_qpágina 70
942 _cANA
999 _c68150
_d68150